| 000 | | | 04300nmc2a2200000 x 450 |
| 001 | | | cf57a5e3-766f-413c-9bc7-4e0e37828dbd |
| 005 | | | 20170414151302.0 |
| 100 | ## | $a | 20140611l18441845k l0rusy0189 ca |
| 101 | 0# | $a | rus |
| 102 | ## | $a | RU |
| 200 | 1# | $a | Дело об увольнении смотрителя Феллинского уездного училища Лифляндской губернии Ф.Ф. Кризе |
| | $j | 23 октября 1844 г. - 4 января 1845 г. |
| 251 | ## | $c | Дело |
| 300 | ## | $a | Дело |
| 300 | ## | $a | Ориг. заголовок дела: Дело по представлению попечителя Дерптского учебного округ о пенсии смотрителю и учителю наук в Феллинском уездном училище титулярному советнику Кризе. 23 октября 1844 г. - 17 февраля 1845 г |
| 801 | #0 | $a | RU |
| | $b | РГИА |
| | $c | 20140611 |
| | $g | RCR |
| 801 | #1 | $a | RU |
| | $b | ГлавНИВЦ |
| | $c | 20140611 |
| | $2 | rusmarc |
| 801 | #2 | $a | RU |
| | $b | ПБ им. Б.Н. Ельцина |
| | $c | 20170414 |
| | $g | RCR |
| | $2 | rusmarc |
| 850 | ## | $a | РГИА |
| 852 | ## | $a | РГИА |
| | $e | Федеральное казенное учреждение "Российский государственный исторический архив" (РГИА) |
| | $j | 235 |
| 937 | ## | $h | РГИА |
| | $d | 11169453 |
| | $a | ASBIBLIO_SCAN |
| 462 | #0 | $1 | 001fe4edb2a-8658-4269-9710-afcb460e1db3 |
| | $1 | 2001 |
| | $a | Дела Департамента народного просвещения по Дерптскому учебному округу за 1837-1862 гг. |
| | $1 | 251 |
| | $c | Опись |
| | $1 | 852 |
| | $j | 57 |
| 461 | #0 | $1 | 001a74412a3-3cc5-4d21-8f0a-dfe2fbd9e72d |
| | $1 | 2001 |
| | $a | Департамент народного просвещения Министерства народного просвещения (1803-1917) |
| | $1 | 251 |
| | $c | Фонд |
| | $1 | 852 |
| | $j | 733 |
| 215 | ## | $a | 25 л. |
| | $d | 36,5х26 см |
| 371 | ## | $a | Документ не является опубликованным и широко распространяемым |
| 105 | ## | $a | y### |
| 122 | 2# | $a | d |
| 517 | 1# | $a | Дело по представлению попечителя Дерптского учебного округ о пенсии смотрителю и учителю наук в Феллинском уездном училище титулярному советнику Кризе. 23 октября 1844 г. - 17 февраля 1845 г |
| 035 | ## | $a | cf57a5e3-766f-413c-9bc7-4e0e37828dbd |
| 856 | ## | $u | http://readingroom.main.prlib.ru/item.aspx?id_node=n96977254&mode=full |